000
00336nam a2200145Ia 4500
008
230718s9999 xx 000 0 und d
041
_a
Eng.
082
_a
297.1227
_b
ALI-T
100
_a
Ali, Abdullah Yousuf
245
4
_a
The Holy Quran
260
_a
Pakistan
_b
Sh. Muh. Ashraf
_c
2012
300
_a
519
650
_a
Law
999
_c
31131
_d
31131